000 00303nam a2200133Ia 4500
008 191201s2005 xx 000 0 und d
100 _aTRIPATHI, P C
245 0 _aPrinciples of Management
250 _a2nd
260 _aN.Delhi
_bTMH
_c2005
300 _a323
650 _aB.Tech(ME)
942 _2ddc
_cBK
999 _c1874
_d1874